Legislatívne predpisy pre znalcov, tlmočníkov a prekladateľov zákon č. 382/2004 Z.z.

Gespeichert in:
Bibliographische Detailangaben
Körperschaft: Ekonomická univerzita v Bratislave
Weitere Verfasser: Židó, Marián
Format: Buch
Sprache:Slowakisch
Veröffentlicht: Bratislava Vydavateľstvo EKONÓM 2021
Ausgabe:2. vydanie
Schlagworte:
Tags: Tag hinzufügen
Keine Tags, Fügen Sie das erste Tag hinzu!

MARC

LEADER 00000nam a2200000 4500
001 0273125
005 20240306142013.1
020 |a 978-80-225-4796-3 
041 0 |a slo 
044 |a SK 
245 1 0 |a Legislatívne predpisy pre znalcov, tlmočníkov a prekladateľov  |b zákon č. 382/2004 Z.z.  |c zostavovateľ: Marián Židó 
250 |a 2. vydanie 
264 1 |a Bratislava  |b Vydavateľstvo EKONÓM  |c 2021 
300 |a (107+10) s. 
610 2 0 |a zákony 
610 2 0 |a vyhlášky 
610 2 0 |a legislatíva 
610 2 0 |a predpisy právne 
610 2 0 |a znalectvo 
610 2 0 |a tlmočníci 
610 2 0 |a prekladatelia 
700 1 |a Židó, Marián 
710 2 |a Ekonomická univerzita v Bratislave